000 00617cam a2200217 4500500
005 20260329004051.0
041 _afre
042 _adc
100 1 0 _aNicolas, Ariane
_eauthor
245 0 0 _aQuand la place devient publique
260 _c2018.
500 _a63
690 _aConvivialité
690 _aJoëlle Zask
690 _aPlace
690 _aPolitique
690 _aRésistance
690 _aVille
786 0 _nPhilosophie magazine | 120 | 6 | 2018-06-01 | p. 55-55 | 1951-1787
856 4 1 _uhttps://shs.cairn.info/magazine-philosophie-magazine-2018-6-page-55?lang=fr&redirect-ssocas=7080
999 _c1830323
_d1830323